LEADER 01173nam--2200385---450- 001 990002824240203316 005 20081211150452.0 010 $a88-7303-742-9 035 $a000282424 035 $aUSA01000282424 035 $a(ALEPH)000282424USA01 035 $a000282424 100 $a20061009d2002----km-y0itay50------ba 101 $aita 102 $aIT 105 $a||||||||001yy 200 1 $aDirect & Database marketing$fAlan Tapp$gEdizione italiana a cura di Cristina Ziliani 210 $aMilano$cAPOGEO$dc 2002 215 $aXVII, 389 p.$d23 cm 410 0$12001 454 1$12001$aPrinciples of Direct and Database Marketing$915803 461 1$1001-------$12001 606 0 $aMarketing$xImpiego di internet 676 $a658.800 700 1$aTAPP,$bAlan$0557047 702 1$aZILIANI,$bCristina 801 0$aIT$bsalbc$gISBD 912 $a990002824240203316 951 $a658.800 TAP 1 (IRA 15 199)$b14331 ECO$cIRA 15$d00118702 959 $aBK 969 $aECO 979 $aFIORELLA$b90$c20061009$lUSA01$h1048 979 $aRSIAV1$b90$c20081211$lUSA01$h1504 996 $aPrinciples of Direct and Database Marketing$915803 997 $aUNISA LEADER 01511nam0-2200433li-450- 001 990000247300203316 005 20091110123132.0 035 $a0024730 035 $aUSA010024730 035 $a(ALEPH)000024730USA01 035 $a0024730 100 $a20019940426-1976----y0itay0103----ba 200 1 $aConvex analysis and variational problems$fIvar Ekeland, Roger Teman 210 $aAmsterdam$cNorth-Holland publishing$dcopyr. 1976 215 $aXIV, 401 p.$cill.$d24 cm 225 2$aStudies in mathematics and its applications$v1 410 1$1001000334609$12001$aStudies in mathematics and its applications$v1 606 0 $aOttimizzazione matematica 606 0 $aFunzioni convesse 610 0 $aCalcolo delle variazioni 676 $a519.3 700 1$aEKELAND ,$bIvan$0753449 701 1$aTEMAN,$bRoger$0753450 801 $aSistema bibliotecario di Ateneo dell' Università di Salerno$gRICA 912 $a990000247300203316 951 $a510 SMI (1)$b6465/CBS$c510$d00112264 951 $a510 SMI (1)$b8327/CBS$c510$d00112263 959 $aBK 969 $aSCI 979 $c19940426 979 $c20001110$lUSA01$h1715 979 $aPATTY$b90$c20001218$lUSA01$h1912 979 $c20020403$lUSA01$h1633 979 $aDIGIUSEPPE$b90$c20020709$lUSA01$h1616 979 $aPATRY$b90$c20040406$lUSA01$h1618 979 $aRSIAV7$b90$c20091110$lUSA01$h1216 979 $aRSIAV7$b90$c20091110$lUSA01$h1231 996 $aConvex analysis and variational problems$91515702 997 $aUNISA LEADER 01310nam0 22003131i 450 001 UON00018778 005 20231205102007.959 100 $a20020107d1928 |0itac50 ba 101 $afre 102 $aDK 105 $a|||| 1|||| 200 1 $aEtudes sur le Zoroastrisme de la Perse antique$fpar Arthur Christensen 210 $aKobenhavn$cHost & Son$d1928 59 p. ; 22 cm 311 $aIR VII A 020$9UON00044484 410 0$1001UON00044484$12001 $aHistorisk-Filosofiske Meddelelser$v15,2 IR VII A 020 606 $aZURVANISMO$3UONC004335$2FI 606 $aZOROASTRISMO$xORIGINI$3UONC005640$2FI 620 $aDK$dCopenhagen$3UONL000180 686 $aIR VII A$cIRAN ANTICO - FILOSOFIA E RELIGIONE - ZOROASTRISMO$2A 700 1$aCHRISTENSEN$bArthur$3UONV007241$0236842 712 $aHost & Son$3UONV247813$4650 801 $aIT$bSOL$c20240220$gRICA 899 $aSIBA - SISTEMA BIBLIOTECARIO DI ATENEO$2UONSI 912 $aUON00018778 950 $aSIBA - SISTEMA BIBLIOTECARIO DI ATENEO$dSI IR VII A 020 $eSI MR 53124 6 020 966 $aRELIGIONI IRANICHE$yZURVANISMO$3UONC005635 966 $aZOROASTRISMO$yZURVANISMO$3UONC000161 996 $aEtudes sur le Zoroastrisme de la Perse antique$91197688 997 $aUNIOR